The Insect World of J. Henri Fabre (Record no. 1667)

000 -LEADER
fixed length control field 00625nam a22002177a 4500
003 - CONTROL NUMBER IDENTIFIER
control field OSt
005 - DATE AND TIME OF LATEST TRANSACTION
control field 20210427072057.0
008 - FIXED-LENGTH DATA ELEMENTS--GENERAL INFORMATION
fixed length control field 210223s1964 ||||| |||| 00| 0 eng d
040 ## - CATALOGING SOURCE
Original cataloging agency eng
Language of cataloging eng
Transcribing agency DLC
041 ## - LANGUAGE CODE
Language code of text/sound track or separate title eng
080 ## - UNIVERSAL DECIMAL CLASSIFICATION NUMBER
Universal Decimal Classification number 821.111
Item number F-11
100 ## - MAIN ENTRY--PERSONAL NAME
9 (RLIN) 1079
Personal name Fabre,, Henri. J.
245 ## - TITLE STATEMENT
Title The Insect World of J. Henri Fabre
Statement of responsibility, etc. / by: A Premier Book
260 ## - PUBLICATION, DISTRIBUTION, ETC.
Place of publication, distribution, etc. New York
Name of publisher, distributor, etc. A Premier Book
Date of publication, distribution, etc. 1964
300 ## - PHYSICAL DESCRIPTION
Extent 191 p.
365 ## - TRADE PRICE
Price amount 0.6 usd
650 #0 - SUBJECT ADDED ENTRY--TOPICAL TERM
9 (RLIN) 254
Topical term or geographic name entry element English literature
653 ## - INDEX TERM--UNCONTROLLED
Uncontrolled term ინგლისური ლიტერატურა
700 ## - ADDED ENTRY--PERSONAL NAME
9 (RLIN) 1080
Personal name Teale, Way. Edwin
Relator term Editor
942 ## - ADDED ENTRY ELEMENTS (KOHA)
Source of classification or shelving scheme
Koha item type Books
Holdings
Withdrawn status Lost status Source of classification or shelving scheme Damaged status Not for loan Permanent location Current location Date acquired Inventory number Total Checkouts Full call number Barcode Date last seen Price effective from Koha item type
          Ken Walker International University Ken Walker International University 02/23/2021 1840   821.111 F-11 1840 02/23/2021 02/23/2021 Books

Powered by Koha